000 00462nam a22001577a 4500
005 20250915145727.0
008 250915b |||||||| |||| 00| 0 eng d
020 _a979-8-88715-080-2
100 _aBLAKE, EVAN
245 _aCOMPUTER IN LIBRARY MANAGEMENT
260 _aDUBLIN
_bORYSON PRESS
_c2023
300 _aVI,288P.
500 _aINCLUDES INDEX
650 _a1, LIBRARY ADMINISTRATION - DATA PROCESSING 2. LIBRARY INFORMATION SYSTEMS
942 _2lcc
_cBK
999 _c216089
_d216089